Liverpool UEFA Champions League Final 2019 Squad - Statistics

General Stats
  • This quiz has been taken 365 times
  • The average score is 17 of 24
Answer Stats
Number Position Name % Correct
Starting XI 11 Forward Mohamed Salah
98%
Starting XI 4 Defender Virgil van Dijk
98%
Starting XI (C) 14 Midfielder Jordan Henderson
96%
Starting XI 9 Forward Roberto Firmino
96%
Starting XI 10 Forward Sadio Mané
96%
Starting XI 66 Defender Trent Alexander-Arnold
96%
Starting XI 26 Defender Andrew Robertson
95%
Starting XI 13 Goalkeeper Alisson Becker
93%
Starting XI 32 Defender Joël Matip
91%
Manager - - Jürgen Klopp
89%
Starting XI 3 Midfielder Fabinho
88%
Starting XI 5 Midfielder Georginio Wijnaldum
82%
Substitute 27 Forward Divock Origi
77%
Substitute 7 Midfielder James Milner
76%
Substitute 12 Defender Joe Gomez
72%
Substitute 62 Goalkeeper Caoimhin Kelleher
59%
Substitute 6 Defender Dejan Lovren
55%
Substitute 23 Forward Xherdan Shaqiri
48%
Substitute 22 Goalkeeper Simon Mignolet
45%
Substitute 20 Midfielder Adam Lallana
41%
Substitute 21 Midfielder Alex Oxlade-Chamberlain
40%
Substitute 15 Forward Daniel Sturridge
37%
Substitute 18 Defender Alberto Moreno
34%
Substitute 24 Forward Rhian Brewster
25%
No matching quizzes found
Score Distribution
Percent of People with Each Score
Percentile by Number Answered
Your Score History
You have not taken this quiz